00257nam a2200109Ia 4500008004100000100001600041245003600057260001600093260000900109546001200118999001700130170619s9999 xx 000 0 und d aFox- Robert 0aIntroduction to Fluid Mechanics bWiley-India c2009 aENGLISH c20551d20551